000 00960njm a22002777a 4500
005 20100914152621.0
007 sd ammalaaahaa
008 100913t xxu||||| |||| 00| 0 hin d
028 _aECLP 5898
_bEMI
035 _aGR-03530
040 _aSED/VEN
100 _aKapoor, Mahendra
_91184
245 _aMazdoor /
_cby Mahendra Kapoor
_h[sound recording] :
246 _aमजदूर /महेंद्र कपूर
260 _aDum Dum India
_bEMI
_c1983
300 _a1 sound disc [Gramophone record] :
_banalog, 33 1/3 rpm
_c12.5 in. (LP)
_fGramophone Record
500 _aBrief Record
500 _aRecord label :EMI,Red
505 _aSide-1 Pahla pahle pyar na bhoole Side 2 Roti Kapada
600 _aKapoor, Mahendar
_919992
650 _aHindi Film Song
_xExcerpts
_zIndia
_919603
700 _919604
700 _919605
942 _2ddc
_cGR
999 _c46775
_d46775